000 00667cam a2200205 a 4500
001 1997698
005 20250208130707.0
008 901121s1992 paua b 001 0 eng
020 _a039751106X
050 0 0 _aRC683.5.E5
_bD33 1992
082 0 0 _a616.1/207547
_220
100 1 _aDavis, Dale.
245 1 0 _aHow to quickly and accurately master ECG interpretation /
_cDale Davis ; illustrated by Patrick Turner.
250 _a2nd ed.
260 _aPhiladelphia :
_bJ. B. Lippincott,
_cc1992.
300 _aviii, 402 p. :
_bcol. ill. ;
_c24 cm.
650 0 _aElectrocardiography
_xInterpretation.
650 0 _aHeart
_xDiseases
_xDiagnosis.
942 _2lcc
_cBK
_e2nd ed.
_n0
999 _c3669
_d3669